Statistics for Regions of Belarus Map Quiz

Click here to take the quiz!

General Stats

  • This quiz has been taken 1,111 times
  • The average score is 5 of 7

Answers on the Map

Answers color-coded by a green-red scale on the quiz's map according to % correct below.
Loading ...
 

Answer Stats

Answer% Correct
Minsk (City)
100%
Minsk (Region)
100%
Brest
71%
Gomel
60%
Grodno
55%
Vitebsk
55%
Mogilev
47%

Score Distribution

Percentile by Number Answered

Percent of People with Each Score

Your Score History

You have not taken this quiz